000 00980nam a2200289Ia 4500
003 OSt
005 20220924121109.0
006 a|||||r|||| 00| 0
007 ta
008 220923b |||||||| |||| 00| 0 hin d
020 _a9789048175291 (pbk)
020 _c15003.71
024 _a268352
037 _b36261, 20/11/2012, Segment Book Distributors
_cTextual
040 _aARTS
_cARTS
_bhin
041 _2hin
_ahin
082 _aR39(S:3), P7
100 _aHeinamaa Sara Ed.
_9184315
245 0 _aConsciousness
_b From perception to reflection in the history of philosophy
260 _aDoodrecht
_bSpringer The Netherlands
_c2007
300 _axii, 366p.
_ccm.
650 _aPHILOSOPHY
700 _a Lahteenmaki Vili Ed.
_9184316
700 _a Remes Paulina Ed.
_9184317
942 _hR39(S:3), P7
_cTEXL
_2CC
999 _c405850
_d405850